Rankings Of The 50 Greatest Basketball Players Of 2013 (Finals Edition) - Statistics

General Stats
  • This quiz has been taken 35 times
  • The average score is 19 of 50
Answer Stats
Rank Player % Correct
1 LeBron James
97%
2 Kevin Durant
94%
5 Kobe Bryant
85%
6 Tim Duncan
82%
11 Dwyane Wade
76%
7 Russell Westbrook
73%
4 Tony Parker
70%
38 Chris Bosh
67%
10 Stephen Curry
67%
9 James Harden
64%
3 Chris Paul
61%
28 Dirk Nowitzki
61%
50 Anthony Davis
58%
14 Dwight Howard
58%
15 Kyrie Irving
55%
31 Paul Pierce
55%
35 Kevin Garnett
52%
8 Carmelo Anthony
48%
36 Pau Gasol
48%
26 Blake Griffin
45%
13 Paul George
45%
25 DeMarcus Cousins
42%
23 John Wall
42%
12 Marc Gasol
42%
43 Damian Lillard
33%
37 Zach Randolph
33%
16 Joakim Noah
30%
18 Al Horford
27%
17 Deron Williams
27%
21 LaMarcus Aldridge
27%
45 Tyson Chandler
27%
41 Paul Millsap
24%
44 Serge Ibaka
24%
19 Andre Iguodala
21%
27 Mike Conley
21%
20 Roy Hibbert
21%
33 David Lee
18%
47 Jeff Teague
18%
42 Luol Deng
18%
22 Brook Lopez
15%
29 Josh Smith
12%
30 Al Jefferson
9%
24 David West
9%
48 Kenneth Faried
9%
40 Greg Monroe
6%
32 Jrue Holiday
3%
34 Ty Lawson
3%
46 Brandon Jennings
0%
39 Danilo Gillinari
0%
49 Greivis Vasquez
0%
No matching quizzes found
Score Distribution
Percent of People with Each Score
Percentile by Number Answered
Your Score History
You have not taken this quiz